| 000 | 00759nam a2200229 a 4500 | ||
|---|---|---|---|
| 005 | 20210223133320.0 | ||
| 008 | 170614s2016 mx r 000 0 spa d | ||
| 020 | _a9786070277016 (UNAM) | ||
| 020 | _a9786070307256 (Siglo XXI) | ||
| 035 | _aUPN01000218723 | ||
| 049 | _aCG | ||
| 050 | 4 |
_aRC451 M6 _bR5.2 |
|
| 100 | 1 |
_aRíos Molina, Carlos Andrés, _d1975- _940511 |
|
| 245 | 1 | 0 |
_aCómo prevenir la locura : _bpsiquiatría e higiene mental en México, 1934-1950 / _cAndrés Ríos Molina. |
| 260 |
_aMéxico : _bUNAM : _bSiglo XXI, _c2016. |
||
| 300 |
_a226 p. : _bil. |
||
| 440 | 0 | _aSalud y sociedad | |
| 650 | 4 |
_aPSIQUIATRIA - _zMEXICO - _xHISTORIA _925906 |
|
| 650 | 4 |
_aSALUD MENTAL - _zMEXICO - _xHISTORIA _925905 |
|
| 905 | _aLibro | ||
| 999 |
_c190823 _d190823 |
||